| 000 | 00519nam a2200229Ia 4500 | ||
|---|---|---|---|
| 003 | 0100 | ||
| 008 | 130303s9999 xx 000 0 und d | ||
| 020 | _a394310047 | ||
| 040 | _cARRUPELIB | ||
| 050 | _aDT31.C541971 | ||
| 100 | _aCollins, Robert O | ||
| 245 | _aEuropeans in Africa | ||
| 250 | _a1st | ||
| 260 | _aNew York | ||
| 260 | _bKnopf | ||
| 260 | _C1971 | ||
| 300 | _axiii | ||
| 300 | _b168 vii p. 20 cm | ||
| 440 | _aStudies in world civilization | ||
| 700 | _aRobert O. Collins | ||
| 942 | 0 | 0 | _03 |
| 999 |
_c14127 _d14127 |
||